Reporting riots: Processions, police and public in the new imperial capital of Delhi (199-1925) (Record no. 528742)

000 -LEADER
fixed length control field 00394nam a22001217a 4500
008 - FIXED-LENGTH DATA ELEMENTS--GENERAL INFORMATION
fixed length control field 250107b ||||| |||| 00| 0 eng d
100 ## - MAIN ENTRY--PERSONAL NAME
Personal name Luthra, Manan
245 ## - TITLE STATEMENT
Title Reporting riots: Processions, police and public in the new imperial capital of Delhi (199-1925)
260 ## - PUBLICATION, DISTRIBUTION, ETC. (IMPRINT)
Place of publication, distribution, etc Social Scientist
300 ## - PHYSICAL DESCRIPTION
Extent 52(9-10), Sep-Oct, 2024: p.57-66
773 ## - HOST ITEM ENTRY
Main entry heading Social Scientist
942 ## - ADDED ENTRY ELEMENTS (KOHA)
Item type Articles
Holdings
Withdrawn status Lost status Source of classification or shelving scheme Damaged status Not for loan Permanent location Current location Date acquired Serial Enumeration / chronology Barcode Date last seen Koha item type
          Indian Institute of Public Administration Indian Institute of Public Administration 2025-01-07 52(9-10), Sep-Oct, 2024: p.57-66 AR134935 2025-01-07 Articles

Powered by Koha